[Event "Ruhrgebiet Verbandsklasse Gruppe 3 1516"]
[Site "Germany"]
[Date "2016.02.21"]
[Round "7.1"]
[White "Mombeck, Michael"]
[Black "Woller, Rainer"]
[Result "1/2-1/2"]
[WhiteElo "1986"]
[BlackElo "2009"]
[PlyCount "51"]
[EventDate "2015.09.06"]
[EventType "team-tourn"]
[EventRounds "9"]
[EventCountry "GER"]
[SourceTitle "EXT 2022"]
[Source "ChessBase"]
[SourceDate "2021.10.06"]
[SourceVersion "1"]
[SourceVersionDate "2021.10.06"]
[SourceQuality "1"]
[WhiteTeam "Bergeborbeck Wacker"]
[BlackTeam "Eving SV Rochade"]
[WhiteTeamCountry "GER"]
[BlackTeamCountry "GER"]

1. e4 e5 2. Nf3 Nc6 3. Bc4 Bc5 4. Nc3 Nf6 5. d3 d6 6. Bg5 h6 7. Bxf6 Qxf6 8. Nd5 Qd8 9. c3 a6 10. d4 Ba7 11. h3 0-0 12. 0-0 Re8 13. Re1 Be6 14. Qd2 exd4 15. cxd4 Rb8 16. Rac1 Bxd5 17. Bxd5 Ne7 18. Bb3 Ng6 19. Qc3 Rc8 20. Qc4 Qf6 21. e5 dxe5 22. dxe5 Nxe5 23. Rxe5 Rxe5 24. Qxf7+ Qxf7 25. Bxf7+ Kxf7 26. Nxe5+ 1/2-1/2

[Event "Ruhrgebiet Verbandsklasse Gruppe 3 1516"]
[Site "Germany"]
[Date "2015.11.29"]
[Round "4.1"]
[White "Woller, Rainer"]
[Black "Reinoehl, Christian"]
[Result "0-1"]
[WhiteElo "2009"]
[BlackElo "2061"]
[PlyCount "106"]
[EventDate "2015.09.06"]
[EventType "team-tourn"]
[EventRounds "9"]
[EventCountry "GER"]
[SourceTitle "EXT 2022"]
[Source "ChessBase"]
[SourceDate "2021.10.06"]
[SourceVersion "1"]
[SourceVersionDate "2021.10.06"]
[SourceQuality "1"]
[WhiteTeam "Eving SV Rochade"]
[BlackTeam "Annen Sport Union"]
[WhiteTeamCountry "GER"]
[BlackTeamCountry "GER"]

1. d4 d5 2. Nf3 Nf6 3. Bf4 c5 4. e3 Nc6 5. c3 Bg4 6. Nbd2 e6 7. Qb3 Qb6 8. Qxb6 axb6 9. Bc7 Nd7 10. h3 Bxf3 11. Nxf3 Be7 12. Be2 0-0 13. 0-0 f6 14. Rfd1 Rac8 15. Bg3 Na5 16. Nd2 f5 17. Bb5 Rfd8 18. dxc5 bxc5 19. c4 Bf6 20. cxd5 exd5 21. Nf3 Nb6 22. Be5 Kf7 23. Bc3 Nac4 24. Bxc4 Nxc4 25. Bxf6 Kxf6 26. b4 b6 27. bxc5 bxc5 28. Rab1 Ra8 29. Rb5 Ra5 30. Rxa5 Nxa5 31. Rb1 Nc4 32. Rb5 Rc8 33. a4 Nd6 34. Rb6 Ke7 35. a5 c4 36. a6 c3 37. Rb1 Ra8 38. Rc1 Nb5 39. Nd4 Nxd4 40. exd4 Rxa6 41. Rxc3 Ra1+ 42. Kh2 Rd1 43. Rf3 Ke6 44. Ra3 Rxd4 45. Ra7 Kf6 46. g3 Rb4 47. Rd7 d4 48. Kg2 Ke6 49. Rxg7 d3 50. Ra7 Rd4 51. Ra1 Kd5 52. Kf3 Kc4 53. Rc1+ Kb3 0-1

[Event "Ruhrgebiet Verbandsliga2 1011"]
[Site "Nordrheinwestfalen"]
[Date "2011.02.06"]
[Round "6.3"]
[White "Watzlawek, Markus"]
[Black "Woller, Rainer"]
[Result "1/2-1/2"]
[WhiteElo "2027"]
[BlackElo "1993"]
[PlyCount "50"]
[EventDate "2010.09.12"]
[EventType "team-tourn"]
[EventRounds "9"]
[EventCountry "GER"]
[SourceTitle "EXT 2020"]
[Source "ChessBase"]
[SourceDate "2019.10.17"]
[SourceVersion "1"]
[SourceVersionDate "2019.10.17"]
[SourceQuality "1"]
[WhiteTeam "Eichlinghofen SV"]
[BlackTeam "Mengede SG"]
[WhiteTeamCountry "GER"]
[BlackTeamCountry "GER"]

1. d4 Nf6 2. c4 e6 3. g3 Bb4+ 4. Bd2 Be7 5. Bg2 d5 6. Nf3 0-0 7. 0-0 c6 8. Qc2 Nbd7 9. Rd1 b6 10. Bf4 Bb7 11. Nc3 dxc4 12. Ne5 Nd5 13. Nxc4 Nxf4 14. gxf4 Qc7 15. e3 Rad8 16. Rac1 c5 17. d5 exd5 18. Nxd5 Bxd5 19. Rxd5 b5 20. Ne5 Nxe5 21. Rxe5 a6 22. a4 Bd6 23. Rd5 Be7 24. Re5 Bd6 25. Rd5 Be7 1/2-1/2

[Event "Ruhrgebiet Verbandsliga2 1011"]
[Site "Nordrheinwestfalen"]
[Date "2011.01.16"]
[Round "5.3"]
[White "Woller, Rainer"]
[Black "Khasin, Abram Iosifovich"]
[Result "0-1"]
[WhiteElo "1993"]
[BlackElo "2200"]
[PlyCount "50"]
[EventDate "2010.09.12"]
[EventType "team-tourn"]
[EventRounds "9"]
[EventCountry "GER"]
[SourceTitle "EXT 2020"]
[Source "ChessBase"]
[SourceDate "2019.10.17"]
[SourceVersion "1"]
[SourceVersionDate "2019.10.17"]
[SourceQuality "1"]
[WhiteTeam "Mengede SG"]
[BlackTeam "Holsterhausen SK"]
[WhiteTeamCountry "GER"]
[BlackTeamCountry "GER"]

1. d4 Nf6 2. Nf3 d5 3. c4 e6 4. g3 c6 5. Qc2 Bb4+ 6. Bd2 Be7 7. Bg2 0-0 8. 0-0 b6 9. Bf4 Bb7 10. b3 Na6 11. Nc3 Nb4 12. Qb2 c5 13. Rad1 Qc8 14. a3 Na6 15. cxd5 Nxd5 16. Nxd5 Bxd5 17. dxc5 Nxc5 18. Ne5 Bxb3 19. Nc6 Bf6 20. Be5 Bxe5 21. Qxe5 Qe8 22. Rd4 f6 23. Qd6 Rf7 24. Nd8 Rd7 25. Bxa8 Qxd8 0-1

[Event "Ruhrgebiet VK1 0910"]
[Site "Ruhrgebiet"]
[Date "2010.03.21"]
[Round "8.3"]
[White "Woller, Rainer"]
[Black "Huenemeyer, Dirk"]
[Result "0-1"]
[WhiteElo "2152"]
[BlackElo "1924"]
[PlyCount "90"]
[EventDate "2009.09.06"]
[EventType "team"]
[EventRounds "9"]
[EventCountry "GER"]
[SourceTitle "EXT 2011"]
[Source "ChessBase"]
[SourceDate "2010.11.26"]
[SourceVersion "1"]
[SourceVersionDate "2010.11.26"]
[SourceQuality "1"]
[WhiteTeam "Mengede SG"]
[BlackTeam "Borbeck Weisse Dame II"]
[WhiteTeamCountry "GER"]
[BlackTeamCountry "GER"]

1. Nf3 d5 2. d4 Nf6 3. c4 c6 4. e3 e6 5. Nc3 Nbd7 6. Bd3 Bd6 7. e4 dxe4 8. Nxe4 Nxe4 9. Bxe4 Bb4+ 10. Bd2 Qa5 11. a3 Bxd2+ 12. Qxd2 Qxd2+ 13. Kxd2 c5 14. b4 Nf6 15. Bc2 cxd4 16. Nxd4 Bd7 17. f4 0-0 18. Rad1 Rac8 19. Bb3 Rfd8 20. Ke2 Re8 21. Nf3 Bc6 22. Rhe1 Kf8 23. Rd4 a6 24. g3 Nd7 25. Red1 Rc7 26. Ne5 Nxe5 27. fxe5 Ke7 28. Ke3 Rcc8 29. a4 Red8 30. a5 Rxd4 31. Rxd4 f6 32. exf6+ Kxf6 33. Rf4+ Ke7 34. Bc2 h6 35. Bg6 Be8 36. Be4 g5 37. Rf2 Rxc4 38. Bxb7 Rxb4 39. Bxa6 Ra4 40. Bd3 Rxa5 41. h4 gxh4 42. gxh4 Ra3 43. Kd2 Ra4 44. Rh2 Ra2+ 45. Bc2 Bg6 0-1

[Event "Ruhrgebiet VK1 0910"]
[Site "Ruhrgebiet"]
[Date "2010.02.21"]
[Round "7.3"]
[White "Hessel, Malte"]
[Black "Woller, Rainer"]
[Result "1-0"]
[WhiteElo "1957"]
[BlackElo "2152"]
[PlyCount "87"]
[EventDate "2009.09.06"]
[EventType "team"]
[EventRounds "9"]
[EventCountry "GER"]
[SourceTitle "EXT 2011"]
[Source "ChessBase"]
[SourceDate "2010.11.26"]
[SourceVersion "1"]
[SourceVersionDate "2010.11.26"]
[SourceQuality "1"]
[WhiteTeam "Castrop Rauxel II"]
[BlackTeam "Mengede SG"]
[WhiteTeamCountry "GER"]
[BlackTeamCountry "GER"]

1. d4 g6 2. e4 Bg7 3. e5 d6 4. exd6 exd6 5. Nf3 Nf6 6. Bd3 0-0 7. 0-0 c5 8. c4 Nc6 9. d5 Nb4 10. Nc3 Bg4 11. Bb1 Qd7 12. a3 Na6 13. Nb5 Nc7 14. a4 a6 15. Nxc7 Qxc7 16. Ra3 Bd7 17. Re1 b5 18. axb5 axb5 19. Rxa8 Rxa8 20. b3 bxc4 21. bxc4 Re8 22. h3 h6 23. Rxe8+ Bxe8 24. Bf4 Qe7 25. Kf1 Bf8 26. Qe2 Qxe2+ 27. Kxe2 Ba4 28. Nd2 Ne8 29. g4 Kg7 30. Ne4 Bd7 31. f3 Be7 32. Bc2 f5 33. Nc3 fxg4 34. fxg4 h5 35. Ba4 Bxa4 36. Nxa4 hxg4 37. hxg4 Bd8 38. Nc3 Be7 39. Ne4 Kf7 40. Kd3 Kg7 41. Kc2 Kf7 42. Kb3 Nf6 43. Nxf6 Kxf6 44. Ka4 1-0

[Event "Ruhrgebiet VK1 0910"]
[Site "Ruhrgebiet"]
[Date "2010.01.10"]
[Round "5.3"]
[White "Uhlich, Wilfried"]
[Black "Woller, Rainer"]
[Result "1-0"]
[WhiteElo "1868"]
[BlackElo "2152"]
[PlyCount "100"]
[EventDate "2009.09.06"]
[EventType "team"]
[EventRounds "9"]
[EventCountry "GER"]
[SourceTitle "EXT 2011"]
[Source "ChessBase"]
[SourceDate "2010.11.26"]
[SourceVersion "1"]
[SourceVersionDate "2010.11.26"]
[SourceQuality "1"]
[WhiteTeam "Drewer SG"]
[BlackTeam "Mengede SG"]
[WhiteTeamCountry "GER"]
[BlackTeamCountry "GER"]

1. d4 e6 2. e4 c5 3. d5 exd5 4. exd5 d6 5. Bd3 Nf6 6. Ne2 Nbd7 7. c4 Ne5 8. Nbc3 Nxd3+ 9. Qxd3 Be7 10. 0-0 0-0 11. Ng3 Bd7 12. Re1 g6 13. a4 Re8 14. Bd2 Bf8 15. Rxe8 Nxe8 16. Nce4 Be7 17. a5 f5 18. Nc3 g5 19. Na4 Bxa4 20. Rxa4 Bf6 21. Bc3 Bxc3 22. Qxc3 b5 23. axb6 Qxb6 24. Kf1 Rb8 25. Ra2 Qb3 26. Qxb3 Rxb3 27. Ke2 Nc7 28. Kd2 Kf7 29. Ne2 a5 30. Nc1 Rb4 31. Kc3 Rb8 32. Nd3 Kf6 33. b4 cxb4+ 34. Nxb4 Rb6 35. Ra1 f4 36. f3 Rb8 37. Ra2 Ra8 38. Nc6 h5 39. Kd4 Re8 40. Nb4 Ra8 41. Rxa5 Rb8 42. Nd3 Rb3 43. Ra2 h4 44. Nf2 Rb6 45. Ne4+ Kf5 46. h3 Kg6 47. Nc3 Rb8 48. Re2 Ra8 49. Re7 Ne8 50. Re6+ Kf5 1-0

[Event "Ruhrgebiet VK1 0910"]
[Site "Ruhrgebiet"]
[Date "2009.09.27"]
[Round "2.3"]
[White "Woller, Rainer"]
[Black "Mundorf, Johannes"]
[Result "1-0"]
[WhiteElo "2152"]
[BlackElo "1796"]
[PlyCount "67"]
[EventDate "2009.09.06"]
[EventType "team"]
[EventRounds "9"]
[EventCountry "GER"]
[SourceTitle "EXT 2011"]
[Source "ChessBase"]
[SourceDate "2010.11.26"]
[SourceVersion "1"]
[SourceVersionDate "2010.11.26"]
[SourceQuality "1"]
[WhiteTeam "Mengede SG"]
[BlackTeam "Muelheim Nord III"]
[WhiteTeamCountry "GER"]
[BlackTeamCountry "GER"]

1. d4 d5 2. c4 e6 3. Nf3 Nf6 4. e3 c5 5. Nc3 Nc6 6. a3 Ne4 7. Qc2 Nxc3 8. bxc3 Be7 9. Bd3 dxc4 10. Bxc4 0-0 11. 0-0 Bf6 12. Rd1 Qc7 13. Bd3 h6 14. e4 Rd8 15. e5 Be7 16. Qe2 Qa5 17. Qe4 f5 18. exf6 Bxf6 19. Bd2 cxd4 20. Qh7+ Kf8 21. cxd4 Qa4 22. Be3 b6 23. Bc2 Qa5 24. Be4 Bb7 25. Rac1 Rac8 26. Rd3 Nxd4 27. Rxc8 Bxc8 28. Bxd4 Bxd4 29. g3 Qc5 30. Nxd4 Rxd4 31. Qh8+ Kf7 32. Rf3+ Ke7 33. Qf8+ Kd7 34. Rf7+ 1-0

[Event "Ruhrgebiet VK1 0910"]
[Site "Ruhrgebiet"]
[Date "2009.09.06"]
[Round "1.3"]
[White "Woller, Rainer"]
[Black "Tig, Achmet"]
[Result "1-0"]
[WhiteElo "2152"]
[BlackElo "1937"]
[PlyCount "53"]
[EventDate "2009.09.06"]
[EventType "team"]
[EventRounds "9"]
[EventCountry "GER"]
[SourceTitle "EXT 2011"]
[Source "ChessBase"]
[SourceDate "2010.11.26"]
[SourceVersion "1"]
[SourceVersionDate "2010.11.26"]
[SourceQuality "1"]
[WhiteTeam "Mengede SG"]
[BlackTeam "Hervest Dorsten"]
[WhiteTeamCountry "GER"]
[BlackTeamCountry "GER"]

1. Nf3 c5 2. c4 Nc6 3. d4 cxd4 4. Nxd4 Nf6 5. Nc3 g6 6. e4 Bg7 7. Be3 0-0 8. Be2 d6 9. 0-0 a6 10. Rc1 Re8 11. Qd2 Ng4 12. Bxg4 Bxg4 13. f4 Bd7 14. Qf2 Nxd4 15. Bxd4 b5 16. Bxg7 Kxg7 17. cxb5 axb5 18. f5 f6 19. a3 Rc8 20. Nd5 Rc4 21. Rxc4 bxc4 22. Qd4 gxf5 23. exf5 Qb8 24. Rf3 Kf7 25. Re3 Bxf5 26. Rxe7+ Rxe7 27. Qxf6+ 1-0

[Event "Ruhrgebiet VK2 0708"]
[Site "Germany"]
[Date "2007.12.09"]
[Round "4.1"]
[White "Grofig, Patrick"]
[Black "Woller, Rainer"]
[Result "1-0"]
[WhiteElo "2137"]
[BlackElo "2152"]
[PlyCount "63"]
[EventDate "2007.09.16"]
[EventType "team"]
[EventRounds "9"]
[EventCountry "GER"]
[SourceTitle "EXT 2009"]
[Source "ChessBase"]
[SourceDate "2008.11.26"]
[SourceVersion "1"]
[SourceVersionDate "2008.11.26"]
[SourceQuality "1"]
[WhiteTeam "Unna SV"]
[BlackTeam "Mengede SG"]
[WhiteTeamCountry "GER"]
[BlackTeamCountry "GER"]

1. d4 Nf6 2. Nf3 d5 3. c4 c6 4. Nc3 e6 5. Bg5 h6 6. Bh4 dxc4 7. a4 Nbd7 8. e4 Qa5 9. Nd2 Bb4 10. Qc1 Qh5 11. Bg3 Qg6 12. f3 Nh5 13. Bf2 Nf4 14. Nxc4 Qf6 15. Be3 g5 16. g3 Ng6 17. Be2 e5 18. Qd2 0-0 19. 0-0-0 b5 20. axb5 cxb5 21. dxe5 Qe6 22. Nd6 Nb6 23. Ndxb5 Qe7 24. f4 Ba6 25. Nd6 Bxe2 26. Qxe2 Bxc3 27. bxc3 Qc7 28. Bd4 Na4 29. Kd2 Rab8 30. Rb1 gxf4 31. Qh5 Rfd8 32. Qxh6 1-0

[Event "Ruhrgebiet VK2 0708"]
[Site "Germany"]
[Date "2007.10.21"]
[Round "2.2"]
[White "Woller, Rainer"]
[Black "Watzlawek, Markus"]
[Result "0-1"]
[WhiteElo "2152"]
[BlackElo "2169"]
[PlyCount "68"]
[EventDate "2007.09.16"]
[EventType "team"]
[EventRounds "9"]
[EventCountry "GER"]
[SourceTitle "EXT 2009"]
[Source "ChessBase"]
[SourceDate "2008.11.26"]
[SourceVersion "1"]
[SourceVersionDate "2008.11.26"]
[SourceQuality "1"]
[WhiteTeam "Mengede SG"]
[BlackTeam "Dortmund Hansa III"]
[WhiteTeamCountry "GER"]
[BlackTeamCountry "GER"]

1. d4 f5 2. Nf3 Nf6 3. g3 g6 4. Bg2 Bg7 5. 0-0 0-0 6. c4 d6 7. Nc3 Qe8 8. d5 a5 9. Ne1 Na6 10. Nd3 Bd7 11. Rb1 Rb8 12. e4 fxe4 13. Nxe4 Nxe4 14. Bxe4 c5 15. Bd2 b5 16. cxb5 Rxb5 17. b3 Nb4 18. a3 Na6 19. a4 Rb8 20. Bxa5 Qf7 21. Qd2 Bh3 22. Rfe1 Nb4 23. f4 Bd4+ 24. Kh1 Nxd5 25. Nc1 Nf6 26. Bf3 Ng4 27. Re2 e5 28. Bc3 Kh8 29. Bxd4 exd4 30. Qd3 Rfe8 31. Kg1 Rxe2 32. Bxe2 Re8 33. b4 Qd5 34. Bf1 Re1 0-1

[Event "Recklinghausen op 15th"]
[Site "Recklinghausen"]
[Date "2005.08.05"]
[Round "5"]
[White "Savchenko, Aleksij"]
[Black "Woller, Rainer"]
[Result "1-0"]
[WhiteElo "2013"]
[BlackElo "2196"]
[PlyCount "75"]
[EventDate "2005.08.01"]
[EventType "swiss"]
[EventRounds "7"]
[EventCountry "GER"]
[SourceTitle "CBM 107 Extra"]
[Source "ChessBase"]
[SourceDate "2005.09.01"]
[SourceVersion "1"]
[SourceVersionDate "2005.09.01"]
[SourceQuality "1"]

1. d4 d5 2. Nf3 c6 3. e3 Nf6 4. Be2 e6 5. 0-0 Nbd7 6. b3 Bd6 7. Bb2 Ne4 8. Ne5 Nxe5 9. dxe5 Be7 10. f3 Nc5 11. c4 a5 12. f4 0-0 13. Nd2 Bd7 14. Nf3 Qb6 15. Nd4 a4 16. Qc2 axb3 17. axb3 f6 18. Rxa8 Rxa8 19. Bc3 Ne4 20. Bd3 f5 21. cxd5 cxd5 22. Bxe4 dxe4 23. b4 Bb5 24. Ra1 Rc8 25. Ra5 Bd7 26. Qb3 Kf7 27. Bd2 g6 28. h3 h5 29. Kf2 Kg7 30. Ra1 g5 31. g3 g4 32. h4 Kg6 33. b5 Bc5 34. Ba5 Qa7 35. b6 Qa6 36. Nxe6 Qd3 37. Nxc5 Rxc5 38. Qg8+ 1-0

[Event "Ruhrgebiet VL1 0405"]
[Site "Ruhrgebiet"]
[Date "2004.10.10"]
[Round "2.2"]
[White "Dargel, Manuel"]
[Black "Woller, Rainer"]
[Result "0-1"]
[WhiteElo "1991"]
[BlackElo "2041"]
[PlyCount "78"]
[EventDate "2004.09.12"]
[EventType "team"]
[EventRounds "9"]
[EventCountry "GER"]
[SourceTitle "EXT 2006"]
[Source "ChessBase"]
[SourceDate "2005.11.24"]
[SourceVersion "1"]
[SourceVersionDate "2005.11.24"]
[SourceQuality "1"]
[WhiteTeam "Werne SK"]
[BlackTeam "Mengede SG"]
[WhiteTeamCountry "GER"]
[BlackTeamCountry "GER"]

1. c4 c6 2. e4 d5 3. cxd5 cxd5 4. exd5 Nf6 5. Bb5+ Nbd7 6. Nc3 a6 7. Qa4 Rb8 8. Bxd7+ Qxd7 9. Qxd7+ Bxd7 10. d4 b5 11. Bf4 Rc8 12. a3 a5 13. Be5 b4 14. axb4 axb4 15. Bxf6 bxc3 16. Bg5 cxb2 17. Rb1 Rc2 18. Nf3 Bb5 19. Bd2 e6 20. dxe6 Ba3 21. Kd1 Ba4 22. Ke2 fxe6 23. Kd3 0-0 24. Ra1 bxa1Q 25. Rxa1 Rxd2+ 26. Kxd2 Bb4+ 27. Ke3 Bc6 28. Ra6 Bxf3 29. gxf3 Rf6 30. f4 Kf7 31. h4 Rf5 32. Ke4 Bd2 33. f3 Rxf4+ 34. Ke5 Rf5+ 35. Ke4 Be1 36. Rd6 Bxh4 37. f4 Bg3 38. Rd7+ Kf6 39. d5 Rxd5 0-1

[Event "Ruhrgebiet VL1 0405"]
[Site "Ruhrgebiet"]
[Date "2004.09.12"]
[Round "1.2"]
[White "Woller, Rainer"]
[Black "Bauch, Ralf"]
[Result "0-1"]
[WhiteElo "2041"]
[BlackElo "1961"]
[PlyCount "98"]
[EventDate "2004.09.12"]
[EventType "team"]
[EventRounds "9"]
[EventCountry "GER"]
[SourceTitle "EXT 2006"]
[Source "ChessBase"]
[SourceDate "2005.11.24"]
[SourceVersion "1"]
[SourceVersionDate "2005.11.24"]
[SourceQuality "1"]
[WhiteTeam "Mengede SG"]
[BlackTeam "Brambauer"]
[WhiteTeamCountry "GER"]
[BlackTeamCountry "GER"]

1. Nf3 c5 2. c4 Nc6 3. d4 cxd4 4. Nxd4 e5 5. Nc2 d6 6. e4 Nf6 7. Nc3 Be7 8. Be2 0-0 9. 0-0 Be6 10. Be3 Qd7 11. Qd2 Ne8 12. Rfd1 Rd8 13. Nd5 f5 14. exf5 Bxf5 15. Nxe7+ Qxe7 16. Nb4 Be6 17. Nd5 Qf7 18. b4 b6 19. a4 Rd7 20. a5 bxa5 21. b5 Bxd5 22. cxd5 Ne7 23. Rxa5 Nf5 24. Bg4 Rb7 25. Rda1 Qd7 26. Qd3 g6 27. Be2 Nxe3 28. Qxe3 Rf7 29. b6 axb6 30. Bb5 Qe7 31. Ra8 Rf8 32. Bc6 Rc7 33. Qxb6 Nf6 34. R8a7 Rfc8 35. h3 Kg7 36. g3 Qf7 37. Rxc7 Rxc7 38. Qb5 Ne4 39. Qb2 Qf3 40. Ra3 Qd1+ 41. Kg2 Rf7 42. f4 Nd2 43. Bb5 Qe1 44. Bd3 Ne4 45. Bb5 Rc7 46. Bc6 Kh6 47. fxe5 Rf7 48. Rf3 Rxf3 49. Kxf3 Nd2+ 0-1

[Event "Dortmund op-A"]
[Site "Dortmund"]
[Date "2004.07.30"]
[Round "8"]
[White "Woller, Rainer"]
[Black "Mueller, Reinhold"]
[Result "0-1"]
[WhiteElo "2213"]
[BlackElo "2074"]
[PlyCount "92"]
[EventDate "2004.07.??"]
[EventType "swiss"]
[EventRounds "9"]
[EventCountry "GER"]
[SourceTitle "EXT 2006"]
[Source "ChessBase"]
[SourceDate "2005.11.24"]
[SourceVersion "1"]
[SourceVersionDate "2005.11.24"]
[SourceQuality "1"]

1. Nf3 Nf6 2. c4 g6 3. Nc3 Bg7 4. e4 d6 5. d4 0-0 6. Be2 e5 7. dxe5 dxe5 8. Qxd8 Rxd8 9. Nd5 Nxd5 10. cxd5 c6 11. Bc4 b5 12. Bb3 Bb7 13. 0-0 cxd5 14. exd5 Na6 15. Re1 Bxd5 16. Bg5 f6 17. Be3 Nb4 18. Red1 Bxb3 19. axb3 Nc2 20. Rac1 Rxd1+ 21. Rxd1 Nxe3 22. fxe3 Rc8 23. Rd2 Bh6 24. Kf2 Rc7 25. g4 Kf7 26. h4 Ke6 27. g5 Bg7 28. gxf6 Bxf6 29. e4 Rf7 30. Ke2 Rc7 31. Ke3 Rc1 32. Ng5+ Bxg5+ 33. hxg5 Re1+ 34. Kd3 Rg1 35. Rh2 Rxg5 36. Rxh7 Rg3+ 37. Kc2 Re3 38. Rg7 Kf6 39. Rb7 a6 40. Rb6+ Kg5 41. b4 Rxe4 42. Kc3 Rc4+ 43. Kb3 e4 44. Rxa6 e3 45. Re6 Kf4 46. Rxg6 e2 0-1

[Event "Dortmund op-A"]
[Site "Dortmund"]
[Date "2004.07.29"]
[Round "7"]
[White "Tereick, Benjamin"]
[Black "Woller, Rainer"]
[Result "1/2-1/2"]
[WhiteElo "2090"]
[BlackElo "2213"]
[PlyCount "55"]
[EventDate "2004.07.??"]
[EventType "swiss"]
[EventRounds "9"]
[EventCountry "GER"]
[SourceTitle "EXT 2006"]
[Source "ChessBase"]
[SourceDate "2005.11.24"]
[SourceVersion "1"]
[SourceVersionDate "2005.11.24"]
[SourceQuality "1"]

1. c4 c6 2. g3 d5 3. Bg2 Nf6 4. Nf3 e6 5. Qc2 Be7 6. 0-0 0-0 7. d4 Nbd7 8. b3 b6 9. Rd1 Ba6 10. Nbd2 Rc8 11. e4 Qc7 12. Bb2 Qb8 13. Ne5 Nxe5 14. dxe5 Ng4 15. Nf3 Rfd8 16. h3 Nh6 17. Bf1 dxe4 18. Qxe4 c5 19. Bd3 Nf5 20. Qf4 Bb7 21. Bxf5 exf5 22. Qxf5 Qc7 23. Ng5 Bxg5 24. Qxg5 h6 25. Qg4 Qc6 26. f3 Qxf3 27. Qxf3 Bxf3 28. Rd6 1/2-1/2

[Event "Dortmund op-A"]
[Site "Dortmund"]
[Date "2004.07.28"]
[Round "6"]
[White "Trumpp, Lothar"]
[Black "Woller, Rainer"]
[Result "0-1"]
[WhiteElo "2080"]
[BlackElo "2213"]
[PlyCount "54"]
[EventDate "2004.07.??"]
[EventType "swiss"]
[EventRounds "9"]
[EventCountry "GER"]
[SourceTitle "EXT 2006"]
[Source "ChessBase"]
[SourceDate "2005.11.24"]
[SourceVersion "1"]
[SourceVersionDate "2005.11.24"]
[SourceQuality "1"]

1. Nc3 d5 2. e4 c6 3. f4 dxe4 4. Nxe4 Nd7 5. Bc4 e6 6. Nf3 Ngf6 7. Nf2 Bd6 8. d4 c5 9. c3 Qc7 10. f5 cxd4 11. Qe2 e5 12. cxd4 0-0 13. g4 exd4 14. 0-0 Ne5 15. Nxe5 Bxe5 16. g5 Bxh2+ 17. Kh1 Re8 18. Qf3 b5 19. Qxa8 Bb7+ 20. Qxb7 Qxb7+ 21. Kxh2 bxc4 22. gxf6 Qf3 23. Bg5 Re2 24. Bh4 Qh5 25. Kg3 Re3+ 26. Kf4 Qf3+ 27. Kg5 h6# 0-1

[Event "Dortmund op-A"]
[Site "Dortmund"]
[Date "2004.07.23"]
[Round "1"]
[White "Modrova, Hana"]
[Black "Woller, Rainer"]
[Result "0-1"]
[WhiteElo "2054"]
[BlackElo "2213"]
[PlyCount "62"]
[EventDate "2004.07.??"]
[EventType "swiss"]
[EventRounds "9"]
[EventCountry "GER"]
[SourceTitle "EXT 2006"]
[Source "ChessBase"]
[SourceDate "2005.11.24"]
[SourceVersion "1"]
[SourceVersionDate "2005.11.24"]
[SourceQuality "1"]

1. d4 d5 2. Nf3 c6 3. c3 Nf6 4. Bg5 Bf5 5. Nbd2 Nbd7 6. e3 h6 7. Bh4 e6 8. Ne5 Be7 9. f4 Nxe5 10. fxe5 Ne4 11. Bxe7 Qxe7 12. Nxe4 Bxe4 13. Qg4 Qg5 14. Qxg5 hxg5 15. h3 Ke7 16. Rg1 Raf8 17. Be2 f6 18. exf6+ Rxf6 19. 0-0-0 Rf2 20. Bd3 Bxg2 21. Rd2 Rxd2 22. Kxd2 Bxh3 23. Rxg5 Kf6 24. Rg6+ Kf7 25. Rg3 Bf5 26. c4 Rh2+ 27. Be2 dxc4 28. Rf3 Kg8 29. Rf1 Rxe2+ 30. Kxe2 Bd3+ 31. Kf2 Bxf1 0-1

[Event "Ruhrgebiet VL2 0304"]
[Site "Ruhrgebiet"]
[Date "2004.03.28"]
[Round "8.2"]
[White "Hassenrueck, Helmut"]
[Black "Woller, Rainer"]
[Result "1/2-1/2"]
[WhiteElo "2105"]
[BlackElo "2063"]
[PlyCount "47"]
[EventDate "2003.09.28"]
[EventType "team"]
[EventRounds "9"]
[EventCountry "GER"]
[SourceTitle "EXT 2007"]
[Source "ChessBase"]
[SourceDate "2006.11.23"]
[SourceVersion "1"]
[SourceVersionDate "2006.11.23"]
[SourceQuality "1"]
[WhiteTeam "Bottrop"]
[BlackTeam "Mengede SG"]
[WhiteTeamCountry "GER"]
[BlackTeamCountry "GER"]

1. d4 d5 2. Nf3 c6 3. c4 Nf6 4. e3 e6 5. Nbd2 Nbd7 6. Bd3 Bd6 7. 0-0 0-0 8. e4 e5 9. cxd5 cxd5 10. exd5 exd4 11. Ne4 Nxe4 12. Bxe4 Bc5 13. Qd3 Nf6 14. Bg5 h6 15. Bxf6 Qxf6 16. Rac1 Bb6 17. h3 Bd7 18. Rfd1 Rac8 19. Rxc8 Rxc8 20. Nxd4 Bxd4 21. Qxd4 Rc1 22. Qd2 Rxd1+ 23. Qxd1 Qxb2 24. d6 1/2-1/2

[Event "Recklinghausen op 12th"]
[Site "Recklinghausen"]
[Date "2001.08.10"]
[Round "7"]
[White "Woller, Rainer"]
[Black "Haenisch, Jens"]
[Result "1/2-1/2"]
[WhiteElo "2234"]
[BlackElo "2057"]
[PlyCount "58"]
[EventDate "2001.08.04"]
[EventType "swiss"]
[EventRounds "9"]
[EventCountry "GER"]
[SourceTitle "CBM 083 Extra"]
[Source "ChessBase"]
[SourceDate "2001.09.11"]
[SourceVersion "1"]
[SourceVersionDate "2001.09.11"]
[SourceQuality "1"]

1. Nf3 d5 2. d4 Nf6 3. c4 e6 4. g3 Be7 5. Bg2 0-0 6. 0-0 Nbd7 7. Qc2 c6 8. b3 Ne4 9. Nbd2 f5 10. Bb2 Bf6 11. Rac1 Rf7 12. Rfd1 Nf8 13. Ne5 Bxe5 14. dxe5 Nxd2 15. Rxd2 f4 16. Qc3 Qg5 17. e4 dxc4 18. bxc4 c5 19. Rcd1 b6 20. Rd6 fxg3 21. hxg3 Bb7 22. f4 Qg6 23. Qf3 Re8 24. a4 h5 25. a5 bxa5 26. Ra1 h4 27. g4 h3 28. Bh1 h2+ 29. Kf1 Qxe4 1/2-1/2